000 00422nam a2200109Ia 4500
008 160909s9999 xx 000 0 und d
100 _aSiegel, Elisheva S.
245 _aChallenging what we know with <i>The Last Days of Judas Iscariot:</i> Examining the reality
260 _bCalifornia State University, Long Beach.
_c2016
650 _aMULTIMEDIA ARTS
856 _uhttp://pqdtopen.proquest.com/doc/1786690637.html?FMT=ABS
999 _c304281
_d304281